<?xml version="1.0" encoding="UTF-8"?>
<record
    xmlns:xsi="http://www.w3.org/2001/XMLSchema-instance"
    xsi:schemaLocation="http://www.loc.gov/MARC21/slim http://www.loc.gov/standards/marcxml/schema/MARC21slim.xsd"
    xmlns="http://www.loc.gov/MARC21/slim">

  <leader>01353nam a2200265 a 4500</leader>
  <controlfield tag="001">BRCA_8406</controlfield>
  <controlfield tag="005">20190320210251.0</controlfield>
  <controlfield tag="008">070415s2013----mx-a######---#000-0#spa-#</controlfield>
  <datafield tag="020" ind1=" " ind2=" ">
    <subfield code="a">9786079255084</subfield>
  </datafield>
  <datafield tag="041" ind1=" " ind2=" ">
    <subfield code="a">spa</subfield>
    <subfield code="h">eng</subfield>
  </datafield>
  <datafield tag="050" ind1=" " ind2="4">
    <subfield code="a">HE6183.E97</subfield>
    <subfield code="b">.M49 2013</subfield>
  </datafield>
  <datafield tag="245" ind1="1" ind2="0">
    <subfield code="a">M&#xE9;xico exporta</subfield>
    <subfield code="b">1975-1993 : dise&#xF1;o postal y comercio internacional</subfield>
    <subfield code="c">coordinaci&#xF3;n del cat&#xE1;logo, Jimena Acosta y Emiliano Godoy ; textos, Jimena Acosta ... [et al.] ; traducci&#xF3;n, Alistair McCreadie.</subfield>
  </datafield>
  <datafield tag="260" ind1=" " ind2=" ">
    <subfield code="a">Oaxaca, Oax., M&#xE9;xico</subfield>
    <subfield code="b">Museo de Filatelia de Oaxaca : Direcci&#xF3;n General de Promoci&#xF3;n Cultural</subfield>
    <subfield code="c">2013</subfield>
  </datafield>
  <datafield tag="300" ind1=" " ind2=" ">
    <subfield code="a">217 p.</subfield>
    <subfield code="b">il. (algunas a color)</subfield>
    <subfield code="c">24 cm.</subfield>
  </datafield>
  <datafield tag="500" ind1=" " ind2=" ">
    <subfield code="a">Cat&#xE1;logo de la exposici&#xF3;n realizada en el Museo de Filatelia de Oaxaca, M&#xE9;xico, 15 nov., 2013-20 enero, 2014</subfield>
  </datafield>
  <datafield tag="500" ind1=" " ind2=" ">
    <subfield code="a">Un proyecto del Museo de Filatelia de Oaxaca, MUFI en conjunto con el Centro de Dise&#xF1;o de Oaxaca, en coordinaci&#xF3;n con el Taller de Impresi&#xF3;n de Estampillas y Valores</subfield>
  </datafield>
  <datafield tag="546" ind1=" " ind2=" ">
    <subfield code="a">Texto en : espa&#xF1;ol e ingl&#xE9;s</subfield>
  </datafield>
  <datafield tag="650" ind1="1" ind2="4">
    <subfield code="a">Exportaci&#xF3;n de sellos postales</subfield>
    <subfield code="v">Exposiciones</subfield>
    <subfield code="9">21048</subfield>
  </datafield>
  <datafield tag="650" ind1="1" ind2="4">
    <subfield code="a">Sellos postales</subfield>
    <subfield code="v">Exposiciones</subfield>
    <subfield code="z">M&#xE9;xico</subfield>
    <subfield code="9">21049</subfield>
  </datafield>
  <datafield tag="651" ind1=" " ind2="4">
    <subfield code="a">M&#xE9;xico</subfield>
    <subfield code="v">Exposiciones</subfield>
    <subfield code="x">Comercio - En los sellos postales</subfield>
    <subfield code="9">21050</subfield>
  </datafield>
  <datafield tag="700" ind1="1" ind2=" ">
    <subfield code="a">Acosta, Jimena</subfield>
    <subfield code="9">21051</subfield>
  </datafield>
  <datafield tag="700" ind1="1" ind2=" ">
    <subfield code="a">Godoy, Emiliano</subfield>
    <subfield code="9">21052</subfield>
  </datafield>
  <datafield tag="700" ind1="1" ind2=" ">
    <subfield code="a">McCreadie, Alistair</subfield>
    <subfield code="9">21053</subfield>
  </datafield>
  <datafield tag="942" ind1=" " ind2=" ">
    <subfield code="2">lcc</subfield>
    <subfield code="c">B</subfield>
  </datafield>
  <datafield tag="999" ind1=" " ind2=" ">
    <subfield code="c">8074</subfield>
    <subfield code="d">8074</subfield>
  </datafield>
  <datafield tag="952" ind1=" " ind2=" ">
    <subfield code="0">0</subfield>
    <subfield code="1">0</subfield>
    <subfield code="4">0</subfield>
    <subfield code="7">0</subfield>
    <subfield code="a">BRCA</subfield>
    <subfield code="b">BRCA</subfield>
    <subfield code="d">2015-03-30</subfield>
    <subfield code="l">0</subfield>
    <subfield code="o">HE6183.E97 .M49 2013</subfield>
    <subfield code="p">02865</subfield>
    <subfield code="r">2019-03-22 00:00:00</subfield>
    <subfield code="w">2019-03-22</subfield>
    <subfield code="y">B</subfield>
  </datafield>
</record>
